[Event "British Rapidplay Championship 2023"]
[Site "Mercure Bradford, Bankfield Hotel"]
[Date "2023.04.15"]
[Round "2.3"]
[White "Patrick, Chaski"]
[Black "Cheng, Louis"]
[Result "1/2-1/2"]
[TimeControl "All moves in 15 minutes plus 10 second increment per move from move 1"]
[WhiteElo "2068"]
[BlackElo "1617"]

1. e4 {[%clk 00:15:18]} c5 {[%clk 00:15:18]} {[%emt 00:00:04]} 2. Nf3 {[%clk
00:15:26]} {[%emt 00:00:02]} g6 {[%clk 00:15:25]} {[%emt 00:00:02]} 3. Bc4
{[%clk 00:14:51]} {[%emt 00:00:45]} Bg7 {[%clk 00:15:26]} {[%emt 00:00:09]} 4.
c3 {[%clk 00:14:17]} {[%emt 00:00:45]} e6 {[%clk 00:13:48]} {[%emt 00:01:48]} 5.
Qe2 {[%clk 00:14:11]} {[%emt 00:00:15]} Nc6 {[%clk 00:13:38]} {[%emt 00:00:20]}
6. O-O {[%clk 00:14:06]} {[%emt 00:00:15]} Nge7 {[%clk 00:13:40]} {[%emt
00:00:08]} 7. d4 {[%clk 00:12:09]} {[%emt 00:02:07]} cxd4 {[%clk 00:13:25]}
{[%emt 00:00:26]} 8. Rd1 {[%clk 00:12:17]} {[%emt 00:00:02]} O-O {[%clk
00:12:31]} {[%emt 00:01:04]} 9. cxd4 {[%clk 00:12:24]} {[%emt 00:00:02]} d5
{[%clk 00:12:36]} {[%emt 00:00:06]} 10. Bb3 {[%clk 00:12:08]} {[%emt 00:00:26]}
dxe4 {[%clk 00:11:31]} {[%emt 00:01:15]} 11. Qxe4 {[%clk 00:12:16]} {[%emt
00:00:02]} Nd5 {[%clk 00:11:14]} {[%emt 00:00:27]} 12. Bg5 {[%clk 00:12:02]}
{[%emt 00:00:23]} Bf6 {[%clk 00:10:42]} {[%emt 00:00:43]} 13. Qh4 {[%clk
00:10:31]} {[%emt 00:01:41]} Kg7 {[%clk 00:08:21]} {[%emt 00:02:31]} 14. Qh6+
{[%clk 00:07:39]} {[%emt 00:03:01]} Kg8 {[%clk 00:08:14]} {[%emt 00:00:16]} 15.
Bxd5 {[%clk 00:07:48]} {[%emt 00:00:03]} exd5 {[%clk 00:08:17]} {[%emt
00:00:07]} 16. Nc3 {[%clk 00:07:56]} {[%emt 00:00:01]} Be6 {[%clk 00:08:04]}
{[%emt 00:00:24]} 17. Re1 {[%clk 00:06:41]} {[%emt 00:01:25]} Bg7 {[%clk
00:07:36]} {[%emt 00:00:38]} 18. Qh4 {[%clk 00:06:41]} {[%emt 00:00:09]} Qd7
{[%clk 00:07:30]} {[%emt 00:00:16]} 19. Rad1 {[%clk 00:06:46]} {[%emt
00:00:05]} Bg4 {[%clk 00:07:18]} {[%emt 00:00:22]} 20. Bf6 {[%clk 00:05:12]}
{[%emt 00:01:45]} Bxf3 {[%clk 00:07:16]} {[%emt 00:00:11]} 21. gxf3 {[%clk
00:05:21]} {[%emt 00:00:02]} Qf5 {[%clk 00:07:21]} {[%emt 00:00:05]} 22. Bxg7
{[%clk 00:05:28]} {[%emt 00:00:03]} Kxg7 {[%clk 00:07:28]} {[%emt 00:00:02]} 23.
Qg4 {[%clk 00:05:21]} {[%emt 00:00:16]} Qxg4+ {[%clk 00:06:52]} {[%emt
00:00:48]} 24. fxg4 {[%clk 00:05:30]} Rad8 {[%clk 00:06:49]} {[%emt 00:00:14]}
25. a3 {[%clk 00:05:34]} {[%emt 00:00:06]} a5 {[%clk 00:06:44]} {[%emt
00:00:15]} 26. f4 {[%clk 00:05:32]} {[%emt 00:00:12]} f5 {[%clk 00:06:27]}
{[%emt 00:00:26]} 27. g5 {[%clk 00:05:41]} {[%emt 00:00:01]} Rd7 {[%clk
00:06:20]} {[%emt 00:00:18]} 28. Na4 {[%clk 00:05:46]} {[%emt 00:00:05]} Rc8
{[%clk 00:04:58]} {[%emt 00:01:32]} 29. Nc5 {[%clk 00:05:50]} {[%emt 00:00:06]}
Rf7 {[%clk 00:05:06]} {[%emt 00:00:01]} 30. Re6 {[%clk 00:05:36]} {[%emt
00:00:24]} Nxd4 {[%clk 00:05:03]} {[%emt 00:00:13]} 31. Rxd4 {[%clk 00:05:07]}
{[%emt 00:00:39]} Rxc5 {[%clk 00:05:11]} {[%emt 00:00:02]} 32. b4 {[%clk
00:05:01]} {[%emt 00:00:16]} axb4 {[%clk 00:05:16]} {[%emt 00:00:06]} 33. axb4
{[%clk 00:05:09]} {[%emt 00:00:02]} Rc4 {[%clk 00:05:08]} {[%emt 00:00:17]} 34.
Rxd5 {[%clk 00:04:54]} {[%emt 00:00:26]} Rxb4 {[%clk 00:05:14]} {[%emt
00:00:03]} 35. Rd8 {[%clk 00:04:50]} {[%emt 00:00:14]} Rf8 {[%clk 00:04:45]}
{[%emt 00:00:39]} 36. Re7+ {[%clk 00:04:54]} {[%emt 00:00:07]} Kg8 {[%clk
00:04:54]} 37. Rdd7 {[%clk 00:05:02]} {[%emt 00:00:02]} Rc8 {[%clk 00:04:32]}
{[%emt 00:00:31]} 38. Rg7+ {[%clk 00:05:10]} {[%emt 00:00:02]} Kf8 {[%clk
00:04:41]} {[%emt 00:00:02]} 39. Rdf7+ {[%clk 00:05:18]} {[%emt 00:00:02]} Ke8
{[%clk 00:04:49]} {[%emt 00:00:02]} 40. Re7+ {[%clk 00:04:35]} {[%emt
00:00:53]} Kf8 {[%clk 00:04:42]} {[%emt 00:00:16]} 41. Rgf7+ {[%clk 00:04:43]}
{[%emt 00:00:02]} Kg8 {[%clk 00:04:52]} {[%emt 00:00:01]} 42. Rg7+ {[%clk
00:04:46]} {[%emt 00:00:07]} Kf8 {[%clk 00:04:52]} {[%emt 00:00:10]} 43. Rgf7+
{[%clk 00:04:55]} Kg8 {[%clk 00:05:01]} 44. Rg7+ {[%clk 00:05:04]} {[%emt
00:00:01]} Kf8 {[%clk 00:05:10]} 45. Rgf7+ {[%clk 00:05:14]} 1/2-1/2

[Event "British Rapidplay Championship 2023"]
[Site "Mercure Bradford, Bankfield Hotel"]
[Date "2023.04.15"]
[Round "2.4"]
[White "Johnson, Simon"]
[Black "Ortiz Sanchez, Luis"]
[Result "1-0"]
[TimeControl "All moves in 15 minutes plus 10 second increment per move from move 1"]
[WhiteElo "1834"]
[BlackElo "2067"]

1. d4 {[%clk 00:15:17]} {[%emt 00:00:03]} d5 {[%clk 00:15:14]} {[%emt
00:00:06]} 2. c4 {[%clk 00:15:25]} {[%emt 00:00:02]} c6 {[%clk 00:15:22]}
{[%emt 00:00:02]} 3. Nc3 {[%clk 00:15:33]} {[%emt 00:00:02]} Nf6 {[%clk
00:15:30]} {[%emt 00:00:01]} 4. Nf3 {[%clk 00:15:40]} {[%emt 00:00:03]} e6
{[%clk 00:15:28]} {[%emt 00:00:12]} 5. e3 {[%clk 00:15:45]} {[%emt 00:00:05]}
Nbd7 {[%clk 00:15:36]} {[%emt 00:00:02]} 6. Bd3 {[%clk 00:15:48]} {[%emt
00:00:08]} dxc4 {[%clk 00:15:44]} {[%emt 00:00:01]} 7. Bxc4 {[%clk 00:15:57]}
{[%emt 00:00:02]} b5 {[%clk 00:15:48]} {[%emt 00:00:07]} 8. Bd3 {[%clk
00:16:04]} {[%emt 00:00:02]} Bd6 {[%clk 00:15:56]} {[%emt 00:00:01]} 9. Ne4
{[%clk 00:14:51]} {[%emt 00:01:24]} Nxe4 {[%clk 00:15:37]} {[%emt 00:00:29]} 10.
Bxe4 {[%clk 00:14:58]} {[%emt 00:00:03]} Bb7 {[%clk 00:15:16]} {[%emt
00:00:31]} 11. Qc2 {[%clk 00:14:25]} {[%emt 00:00:42]} Rc8 {[%clk 00:13:51]}
{[%emt 00:01:36]} 12. O-O {[%clk 00:14:00]} {[%emt 00:00:35]} Nf6 {[%clk
00:13:37]} {[%emt 00:00:24]} 13. Bd3 {[%clk 00:14:04]} {[%emt 00:00:06]} Qe7
{[%clk 00:13:09]} {[%emt 00:00:38]} 14. e4 {[%clk 00:13:32]} {[%emt 00:00:42]}
e5 {[%clk 00:13:14]} {[%emt 00:00:05]} 15. dxe5 {[%clk 00:11:39]} {[%emt
00:02:02]} Bxe5 {[%clk 00:13:23]} {[%emt 00:00:02]} 16. Nxe5 {[%clk 00:11:36]}
{[%emt 00:00:13]} Qxe5 {[%clk 00:13:24]} {[%emt 00:00:09]} 17. h3 {[%clk
00:10:36]} {[%emt 00:01:09]} O-O {[%clk 00:12:07]} {[%emt 00:01:28]} 18. Be3
{[%clk 00:10:14]} {[%emt 00:00:31]} a6 {[%clk 00:10:32]} {[%emt 00:01:47]} 19.
f4 {[%clk 00:09:55]} {[%emt 00:00:28]} Qh5 {[%clk 00:09:51]} {[%emt 00:00:51]}
20. Be2 {[%clk 00:08:57]} {[%emt 00:01:08]} Qh4 {[%clk 00:09:20]} {[%emt
00:00:42]} 21. e5 {[%clk 00:08:03]} {[%emt 00:01:03]} Nd5 {[%clk 00:09:13]}
{[%emt 00:00:17]} 22. Bc5 {[%clk 00:07:34]} {[%emt 00:00:39]} Rfe8 {[%clk
00:08:56]} {[%emt 00:00:27]} 23. Qf5 {[%clk 00:06:58]} {[%emt 00:00:45]} Rcd8
{[%clk 00:08:32]} {[%emt 00:00:35]} 24. Qg4 {[%clk 00:06:20]} {[%emt 00:00:47]}
Qh6 {[%clk 00:08:08]} {[%emt 00:00:34]} 25. Qf3 {[%clk 00:05:54]} {[%emt
00:00:36]} Bc8 {[%clk 00:07:32]} {[%emt 00:00:47]} 26. Rac1 {[%clk 00:05:50]}
{[%emt 00:00:14]} Bd7 {[%clk 00:07:04]} {[%emt 00:00:38]} 27. Bd6 {[%clk
00:05:38]} {[%emt 00:00:22]} Rc8 {[%clk 00:06:47]} {[%emt 00:00:28]} 28. Bd3
{[%clk 00:05:14]} {[%emt 00:00:33]} a5 {[%clk 00:06:04]} {[%emt 00:00:54]} 29.
f5 {[%clk 00:04:35]} {[%emt 00:00:48]} Ne3 {[%clk 00:04:47]} {[%emt 00:01:27]}
30. Rfe1 {[%clk 00:04:21]} {[%emt 00:00:24]} Nd5 {[%clk 00:04:33]} {[%emt
00:00:23]} 31. Be4 {[%clk 00:03:50]} {[%emt 00:00:41]} Qg5 {[%clk 00:03:51]}
{[%emt 00:00:53]} 32. Bxd5 {[%clk 00:03:18]} {[%emt 00:00:43]} cxd5 {[%clk
00:04:00]} {[%emt 00:00:01]} 33. Rxc8 {[%clk 00:03:18]} {[%emt 00:00:09]} Bxc8
{[%clk 00:03:16]} {[%emt 00:00:54]} 34. e6 {[%clk 00:02:56]} {[%emt 00:00:31]}
fxe6 {[%clk 00:02:57]} {[%emt 00:00:29]} 35. fxe6 {[%clk 00:03:05]} {[%emt
00:00:02]} d4 {[%clk 00:02:39]} {[%emt 00:00:28]} 36. Qf7+ {[%clk 00:03:12]}
{[%emt 00:00:03]} Kh8 {[%clk 00:02:45]} {[%emt 00:00:05]} 37. Qxe8# {[%emt
00:00:05]} 1-0

[Event "British Rapidplay Championship 2023"]
[Site "Mercure Bradford, Bankfield Hotel"]
[Date "2023.04.15"]
[Round "2.5"]
[White "Keerthi Kumar, Advait"]
[Black "Arkell, Keith C"]
[Result "1-0"]
[TimeControl "All moves in 15 minutes plus 10 second increment per move from move 1"]
[WhiteElo "1455"]
[BlackElo "2345"]

1. e4 {[%clk 00:15:19]} c6 {[%clk 00:15:19]} {[%emt 00:00:01]} 2. d4 {[%clk
00:15:27]} {[%emt 00:00:02]} d5 {[%clk 00:15:28]} 3. e5 {[%clk 00:15:36]} c5
{[%clk 00:15:38]} {[%emt 00:00:01]} 4. c3 {[%clk 00:15:43]} {[%emt 00:00:03]}
cxd4 {[%clk 00:15:46]} {[%emt 00:00:02]} 5. cxd4 {[%clk 00:15:52]} {[%emt
00:00:01]} Nc6 {[%clk 00:15:56]} 6. Nf3 {[%clk 00:15:59]} {[%emt 00:00:03]} Bg4
{[%clk 00:16:04]} {[%emt 00:00:01]} 7. Be2 {[%clk 00:15:54]} {[%emt 00:00:14]}
Bxf3 {[%clk 00:16:13]} {[%emt 00:00:02]} 8. Bxf3 {[%clk 00:16:02]} {[%emt
00:00:02]} e6 {[%clk 00:16:22]} {[%emt 00:00:01]} 9. Be3 {[%clk 00:14:28]}
{[%emt 00:01:44]} Nge7 {[%clk 00:16:30]} {[%emt 00:00:01]} 10. O-O {[%clk
00:14:30]} {[%emt 00:00:08]} Nf5 {[%clk 00:16:38]} {[%emt 00:00:03]} 11. Bg4
{[%clk 00:14:26]} {[%emt 00:00:13]} Nxe3 {[%clk 00:16:33]} {[%emt 00:00:16]} 12.
fxe3 {[%clk 00:14:35]} Be7 {[%clk 00:16:40]} {[%emt 00:00:03]} 13. Nc3 {[%clk
00:14:27]} {[%emt 00:00:16]} O-O {[%clk 00:16:48]} {[%emt 00:00:03]} 14. a3
{[%clk 00:14:27]} {[%emt 00:00:11]} Bg5 {[%clk 00:16:56]} {[%emt 00:00:02]} 15.
Rf3 {[%clk 00:14:33]} {[%emt 00:00:04]} Bh6 {[%clk 00:17:03]} {[%emt 00:00:03]}
16. Qe2 {[%clk 00:14:13]} {[%emt 00:00:27]} Qb6 {[%clk 00:17:01]} {[%emt
00:00:15]} 17. Kh1 {[%clk 00:14:21]} {[%emt 00:00:02]} Na5 {[%clk 00:16:52]}
{[%emt 00:00:19]} 18. Raf1 {[%clk 00:14:16]} {[%emt 00:00:14]} Rae8 {[%clk
00:15:56]} {[%emt 00:01:07]} 19. Qf2 {[%clk 00:14:01]} {[%emt 00:00:24]} Re7
{[%clk 00:15:25]} {[%emt 00:00:42]} 20. e4 {[%clk 00:13:36]} {[%emt 00:00:34]}
dxe4 {[%clk 00:15:17]} {[%emt 00:00:19]} 21. Nxe4 {[%clk 00:13:44]} {[%emt
00:00:02]} Nc4 {[%clk 00:15:26]} {[%emt 00:00:01]} 22. b3 {[%clk 00:12:33]}
{[%emt 00:01:22]} Nxa3 {[%clk 00:15:22]} {[%emt 00:00:13]} 23. Nd6 {[%clk
00:12:41]} {[%emt 00:00:02]} f5 {[%clk 00:12:47]} {[%emt 00:02:45]} 24. exf6
{[%clk 00:11:40]} {[%emt 00:01:11]} gxf6 {[%emt 00:02:37]} 25. Rxf6 {[%emt
00:00:28]} Qd8 {[%emt 00:01:56]} 26. Qg3 {[%emt 00:01:55]} Rxf6 {[%clk
00:10:05]} {[%emt 00:00:03]} 27. Rxf6 {[%emt 00:01:41]} Kg7 {[%emt 00:01:25]}
28. Bh5+ {[%clk 00:07:05]} {[%emt 00:00:01]} Kh8 {[%clk 00:08:28]} {[%emt
00:00:18]} 29. Rxh6 {[%clk 00:07:04]} {[%emt 00:00:11]} Qf8 {[%emt 00:00:41]}
30. Qe5+ {[%emt 00:00:16]} Qg7 {[%emt 00:00:37]} 31. Rf6 {[%emt 00:00:24]} h6
{[%clk 00:08:08]} {[%emt 00:00:20]} 32. Bg6 {[%clk 00:06:03]} {[%emt 00:00:02]}
Kg8 {[%clk 00:08:10]} {[%emt 00:00:09]} 33. Bf7+ {[%clk 00:04:40]} {[%emt
00:00:31]} Kh7 34. Nf5 {[%clk 00:04:40]} {[%emt 00:01:38]} 1-0

[Event "British Rapidplay Championship 2023"]
[Site "Mercure Bradford, Bankfield Hotel"]
[Date "2023.04.15"]
[Round "2.6"]
[White "Mosnegutu, Klauss"]
[Black "Wainwright, Charlie"]
[Result "1-0"]
[TimeControl "All moves in 15 minutes plus 10 second increment per move from move 1"]
[WhiteElo "2229"]
[BlackElo "1329"]

1. d4 {[%clk 00:15:17]} {[%emt 00:00:02]} c5 {[%clk 00:15:05]} {[%emt
00:00:15]} 2. d5 {[%clk 00:15:25]} {[%emt 00:00:03]} d6 {[%clk 00:15:14]}
{[%emt 00:00:02]} 3. c4 {[%clk 00:15:34]} g6 {[%clk 00:14:59]} {[%emt
00:00:24]} 4. Nc3 {[%clk 00:15:42]} {[%emt 00:00:03]} Bg7 {[%clk 00:14:54]}
{[%emt 00:00:14]} 5. e4 {[%clk 00:15:51]} Nf6 {[%clk 00:14:32]} {[%emt
00:00:33]} 6. f4 {[%clk 00:15:56]} {[%emt 00:00:04]} Bg4 {[%clk 00:14:23]}
{[%emt 00:00:19]} 7. Nf3 {[%clk 00:15:57]} {[%emt 00:00:09]} O-O {[%clk
00:13:50]} {[%emt 00:00:43]} 8. Be2 {[%clk 00:16:06]} Re8 {[%clk 00:13:10]}
{[%emt 00:00:50]} 9. O-O {[%clk 00:16:08]} {[%emt 00:00:08]} a6 {[%clk
00:11:33]} {[%emt 00:01:46]} 10. a4 {[%clk 00:16:11]} {[%emt 00:00:07]} a5
{[%clk 00:11:35]} {[%emt 00:00:09]} 11. h3 {[%clk 00:16:16]} {[%emt 00:00:05]}
Bxf3 {[%clk 00:11:38]} {[%emt 00:00:06]} 12. Bxf3 {[%clk 00:16:25]} {[%emt
00:00:02]} Na6 {[%clk 00:11:39]} {[%emt 00:00:09]} 13. e5 {[%clk 00:16:25]}
{[%emt 00:00:10]} Nd7 {[%clk 00:10:58]} {[%emt 00:00:51]} 14. e6 {[%clk
00:16:33]} {[%emt 00:00:02]} Bxc3 {[%clk 00:10:31]} {[%emt 00:00:37]} 15. exf7+
{[%clk 00:16:07]} {[%emt 00:00:35]} Kxf7 {[%clk 00:10:32]} {[%emt 00:00:10]} 16.
bxc3 {[%clk 00:16:16]} {[%emt 00:00:01]} Nb6 {[%clk 00:10:10]} {[%emt
00:00:32]} 17. Qe2 {[%clk 00:16:03]} {[%emt 00:00:23]} Nc7 {[%clk 00:09:50]}
{[%emt 00:00:29]} 18. f5 {[%clk 00:16:04]} {[%emt 00:00:10]} Kg7 {[%clk
00:08:35]} {[%emt 00:01:25]} 19. Qe3 {[%clk 00:15:42]} {[%emt 00:00:32]} Nxc4
{[%clk 00:07:11]} {[%emt 00:01:34]} 20. Qh6+ {[%clk 00:15:47]} {[%emt
00:00:05]} Kg8 {[%clk 00:06:51]} {[%emt 00:00:29]} 21. fxg6 {[%clk 00:15:53]}
{[%emt 00:00:05]} hxg6 {[%clk 00:06:57]} {[%emt 00:00:04]} 22. Qxg6+ {[%clk
00:15:53]} {[%emt 00:00:10]} Kh8 {[%clk 00:07:03]} {[%emt 00:00:04]} 23. Be4
{[%clk 00:15:55]} {[%emt 00:00:08]} 1-0

[Event "British Rapidplay Championship 2023"]
[Site "Mercure Bradford, Bankfield Hotel"]
[Date "2023.04.15"]
[Round "2.7"]
[White "Lukhi, Neev"]
[Black "Jackson, Sheila"]
[Result "1/2-1/2"]
[TimeControl "All moves in 15 minutes plus 10 second increment per move from move 1"]
[WhiteElo "1544"]
[BlackElo "2055"]

1. d4 {[%clk 00:15:19]} Nf6 {[%clk 00:15:19]} {[%emt 00:00:01]} 2. Bf4 {[%clk
00:15:27]} {[%emt 00:00:02]} d5 {[%clk 00:15:25]} {[%emt 00:00:05]} 3. Nf3
{[%clk 00:15:35]} {[%emt 00:00:01]} Bf5 {[%clk 00:15:32]} {[%emt 00:00:03]} 4.
e3 {[%clk 00:15:43]} {[%emt 00:00:02]} e6 {[%clk 00:15:40]} {[%emt 00:00:02]} 5.
Bd3 {[%clk 00:15:51]} {[%emt 00:00:02]} c6 {[%clk 00:15:28]} {[%emt 00:00:23]}
6. Bxf5 {[%clk 00:15:27]} {[%emt 00:00:34]} exf5 {[%clk 00:15:36]} 7. O-O
{[%clk 00:15:25]} {[%emt 00:00:12]} Bd6 {[%clk 00:15:38]} {[%emt 00:00:08]} 8.
Ne5 {[%clk 00:15:06]} {[%emt 00:00:30]} O-O {[%clk 00:15:45]} {[%emt 00:00:03]}
9. Nd2 {[%clk 00:14:55]} {[%emt 00:00:20]} Ne4 {[%clk 00:15:40]} {[%emt
00:00:15]} 10. c4 {[%clk 00:13:20]} {[%emt 00:01:45]} f6 {[%clk 00:15:41]}
{[%emt 00:00:09]} 11. Nd3 {[%clk 00:12:58]} {[%emt 00:00:31]} Nxd2 {[%clk
00:15:30]} {[%emt 00:00:22]} 12. Qxd2 {[%clk 00:11:43]} {[%emt 00:01:25]} dxc4
{[%clk 00:15:36]} {[%emt 00:00:04]} 13. Bxd6 {[%clk 00:11:30]} {[%emt
00:00:23]} Qxd6 {[%clk 00:15:42]} {[%emt 00:00:04]} 14. Nf4 {[%clk 00:11:10]}
{[%emt 00:00:28]} g5 {[%clk 00:14:35]} {[%emt 00:01:19]} 15. Ne2 {[%clk
00:10:47]} {[%emt 00:00:33]} Nd7 {[%clk 00:12:44]} {[%emt 00:02:02]} 16. Qc2
{[%clk 00:10:12]} {[%emt 00:00:44]} Qd5 {[%clk 00:12:17]} {[%emt 00:00:37]} 17.
Ng3 {[%clk 00:08:46]} {[%emt 00:01:36]} f4 {[%clk 00:11:53]} {[%emt 00:00:34]}
18. exf4 {[%clk 00:08:54]} {[%emt 00:00:03]} Nb6 {[%clk 00:11:01]} {[%emt
00:01:02]} 19. fxg5 {[%clk 00:08:28]} {[%emt 00:00:35]} fxg5 {[%clk 00:11:09]}
{[%emt 00:00:02]} 20. Rfe1 {[%clk 00:07:28]} {[%emt 00:01:10]} Rf7 {[%clk
00:09:46]} {[%emt 00:01:33]} 21. Re5 {[%clk 00:06:20]} {[%emt 00:01:18]} Qxd4
{[%clk 00:09:43]} {[%emt 00:00:13]} 22. Rxg5+ {[%clk 00:06:29]} {[%emt
00:00:02]} Kh8 {[%clk 00:08:53]} {[%emt 00:01:00]} 23. Rd1 {[%clk 00:06:22]}
{[%emt 00:00:17]} Qf6 {[%clk 00:08:29]} {[%emt 00:00:34]} 24. Rf5 {[%clk
00:06:12]} {[%emt 00:00:19]} Qg6 {[%clk 00:08:18]} {[%emt 00:00:21]} 25. Qc3+
{[%clk 00:05:54]} {[%emt 00:00:29]} Kg8 {[%clk 00:08:13]} {[%emt 00:00:15]} 26.
Rxf7 {[%clk 00:05:52]} {[%emt 00:00:11]} Qxf7 {[%clk 00:08:04]} {[%emt
00:00:19]} 27. Rd4 {[%clk 00:05:37]} {[%emt 00:00:25]} Qg6 {[%clk 00:06:43]}
{[%emt 00:01:32]} 28. h3 {[%clk 00:05:28]} {[%emt 00:00:19]} Kf7 {[%clk
00:05:29]} {[%emt 00:01:24]} 29. Rf4+ {[%clk 00:05:23]} {[%emt 00:00:14]} Ke7
{[%clk 00:05:19]} {[%emt 00:00:20]} 30. Nf5+ {[%clk 00:05:02]} {[%emt
00:00:31]} Kd7 {[%clk 00:05:17]} {[%emt 00:00:13]} 31. Qd4+ {[%clk 00:04:03]}
{[%emt 00:01:08]} Nd5 {[%clk 00:05:13]} {[%emt 00:00:14]} 32. Ne3 {[%clk
00:03:45]} {[%emt 00:00:28]} Rg8 {[%clk 00:04:28]} {[%emt 00:00:56]} 33. g3
{[%clk 00:03:05]} {[%emt 00:00:49]} Qd6 {[%clk 00:02:31]} {[%emt 00:02:08]} 34.
Rf7+ {[%clk 00:01:46]} {[%emt 00:01:29]} Ke6 {[%clk 00:00:48]} {[%emt
00:01:53]} 35. Nxc4 {[%clk 00:01:33]} {[%emt 00:00:22]} Rxg3+ {[%clk 00:00:39]}
{[%emt 00:00:19]} 36. fxg3 {[%clk 00:00:26]} {[%emt 00:01:18]} Qxg3+ {[%clk
00:00:48]} {[%emt 00:00:01]} 37. Kf1 {[%clk 00:00:34]} {[%emt 00:00:02]} Kxf7
{[%clk 00:00:43]} {[%emt 00:00:15]} 38. Qf2+ {[%clk 00:00:20]} {[%emt
00:00:23]} Qxf2+ {[%clk 00:00:50]} {[%emt 00:00:04]} 39. Kxf2 {[%clk 00:00:29]}
b5 {[%clk 00:00:55]} {[%emt 00:00:05]} 40. Ne5+ {[%clk 00:00:34]} {[%emt
00:00:04]} Ke6 {[%clk 00:00:59]} {[%emt 00:00:07]} 41. Nxc6 {[%clk 00:00:41]}
{[%emt 00:00:02]} a6 {[%clk 00:01:05]} {[%emt 00:00:05]} 1/2-1/2